Quid Iuris

Detalles Bibliográficos
Formato: Desconocido
Lenguaje:inglés
Publicado: [Chihuahua, Mx̌ico] : Tribunal Electoral Estatal del Estado de Chihuahua
Materias:
Acceso en línea:Acceso restringido

MARC

LEADER 00000ny a22000003n 4500
005 20110517103027.0
008 071017c19uu9999us mr pss 0 a0eng d
022 |a 1870-5707 
035 |a 5299  
040 |a BUS  |d vLex 
090 |c 1996  |d 1996 
245 3 0 |a Quid Iuris  |h [Recurso electrn̤ico] 
256 |a Servicio en ln̕ea 
260 |a [Chihuahua, Mx̌ico] :  |b Tribunal Electoral Estatal del Estado de Chihuahua  
506 1 |a Contenido solo disponible en los productos indicados  |d vLex Global  |d vLex Global (Academic Edition, excluding Law Schools)  |d vLex Global (U.S. Academic Edition, Law Schools)  |d vLex Global (U.S. Academic Edition, excluding Law Schools)  |d vLex Global (Academic Edition, Law Schools) 
650 0 4 |a Derecho constitucional  |x Publicaciones perid̤icas 
740 0 |a vLex Revista (Servicios en ln̕ea) 
843 |a Electrn̤ica. Abierta 
853 |8 1  |i (year)  |j (month)  |k (day) 
856 4 0 |u http://vlex.com/source/5299  |z Acceso restringido 
942 |c REV